Fluid mechanics / (Record no. 13101)
[ view plain ]
| 000 -LEADER | |
|---|---|
| fixed length control field | 00882cam a2200157ua 4500 |
| 003 - CONTROL NUMBER IDENTIFIER | |
| control field | OSt |
| 008 - FIXED-LENGTH DATA ELEMENTS--GENERAL INFORMATION | |
| fixed length control field | 220208b ||||| |||| 00| 0 eng d |
| 041 ## - LANGUAGE CODE | |
| Language code of text/sound track or separate title | eng |
| 082 ## - DEWEY DECIMAL CLASSIFICATION NUMBER | |
| Classification number | 532 |
| Item number | CEN/FL |
| 100 ## - MAIN ENTRY--AUTHOR NAME | |
| Personal name | Cengel, Youns a . |
| 245 ## - TITLE STATEMENT | |
| Title | Fluid mechanics / |
| 260 ## - PUBLICATION, DISTRIBUTION, ETC. (IMPRINT) | |
| Place of publication | New Delhi : |
| Name of publisher | Tata MC Graw hill , |
| Year of publication | 2006. |
| 300 ## - PHYSICAL DESCRIPTION | |
| Number of Pages | 889 ; |
| Accompanying material | `. |
| 505 ## - FORMATTED CONTENTS NOTE | |
| Formatted contents note | <br/>1INTRODUCTION AND BASIC CONCEPTS,<br/>2 PROPERTIES OF FLUIDS, <br/>3PRESSURE AND FLUID STATICS ,<br/>4 FLUID KINEMATICS ,<br/>5 MASS, BERNOULLI, AND ENERGY EQUATIONS,<br/>6 MOMENTUM ANALYSIS OF FLOW SYSTEMS, <br/>7 DIMENSIONAL ANALYSIS AND MODELING,<br/>8 FLOW IN PIPES ,<br/>9 DIFFERENTIAL ANALYSIS OF FLUID FLOW ,<br/>10 APPROXIMATE SOLUTIONS OF THE NAVIER–STOKES EQUATION ,<br/>11 FLOW OVER BODIES: DRAG AND LIFT ,<br/>12 COMPRESSIBLE FLOW ,<br/>13 OPEN-CHANNEL FLOW <br/>14 TURBOMACHINERY ,<br/>15 INTRODUCTION TO COMPUTATIONAL FLUID DYNAMICS, |
| 942 ## - ADDED ENTRY ELEMENTS (KOHA) | |
| Koha item type | Books |
| Withdrawn status | Lost status | Damaged status | Home library | Current library | Date acquired | Full call number | Accession Number | Koha item type |
|---|---|---|---|---|---|---|---|---|
| KAUAET | KAUAET | 07/04/2012 | 532 CEN/FL | 21319 | Books |
